Финансовые и хозяйственные отчеты по организации выставки картин общества в марте-мае 1926 года

Доступно только в Электронных читальных залах Найти на картеНа карте
RUSMARC
00003624nmc2a22002413x 450
0012343d393-4d06-47f2-b346-94ffb86e0ea0
00520210122180300.0
100##$a20200723l19261926k l0rusy0189 ca
1010#$arus
102##$aRU
105##$aa###
1222#$ad
2001#$aФинансовые и хозяйственные отчеты по организации выставки картин общества в марте-мае 1926 года
$jмарт- май 1926 г.
215##$a86 л.
$cчерт.
$d36,5х26 см
251##$cДело
300##$aДело
371##$aДокумент не является опубликованным и широко распространяемым
461#0$10012c24e4e9-61e6-4711-aac7-22b51bec411a
$12001
$aОбщество имени А.И. Куинджи
$1251
$cФонд
$1852
$j791
462#0$1001d84ab006-a46f-45e3-ae30-3c4130d3ba4f
$12001
$aОбщество имени А.И. Куинджи
$1251
$cОпись
$1852
$j1
801#0$aRU
$bРГИА
$c20200723
$gRCR
801#1$aRU
$bГлавНИВЦ
$c20200723
$2rusmarc
801#2$aRU
$bПБ им. Б.Н. Ельцина
$c20210122
$gRCR
$2rusmarc
850##$aРГИА
852##$aРГИА
$eФедеральное казенное учреждение "Российский государственный исторический архив" (РГИА)
$j32
937##$hРГИА
$d12348173
$aASBIBLIO_SCAN
035##$aRusGRCC00008192
856##$uhttp://readingroom.main.prlib.ru/item.aspx?id_node=n154992164&mode=full
Формат отображения